All Retired NBA Basketball Numbers - Statistics

General Stats
  • This quiz has been taken 13 times
  • The average score is 79 of 187
Answer Stats
Answer % Correct
Michael Jordan
92%
Allen Iverson
83%
Bill Russell
83%
Dwyane Wade
83%
Scottie Pippen
83%
Shaquille O'Neal
83%
Wilt Chamberlain
83%
Avery Johnson
75%
David Robinson
75%
Dennis Johnson
75%
Derrick Rose
75%
Gus Johnson
75%
Isiah Thomas
75%
John Havlicek
75%
John Stockton
75%
Karl Malone
75%
Kevin Johnson
75%
Kobe Bryant
75%
Larry Bird
75%
Magic Johnson
75%
Manu Ginóbili
75%
Marques Johnson
75%
Moses Malone
75%
Paul Pierce
75%
Reggie Miller
75%
Tim Duncan
75%
Vinnie Johnson
75%
Bill Walton
67%
Hakeem Olajuwon
67%
James Worthy
67%
Jason Kidd
67%
K. Abdul-Jabbar
67%
Kevin Garnett
67%
Marc Gasol
67%
Oscar Robertson
67%
Pau Gasol
67%
Pete Maravich
67%
Tim Hardaway
67%
Tony Allen
67%
Tony Parker
67%
Austin Carr
58%
Bob Cousy
58%
Bob Pettit
58%
Brad Davis
58%
Buck Williams
58%
Charles Barkley
58%
Clyde Drexler
58%
Dell Curry
58%
Dennis Rodman
58%
Dikembe Mutombo
58%
Dirk Nowitzki
58%
Dominique Wilkins
58%
Elgin Baylor
58%
Gus Williams
58%
Jerry West
58%
Julius Erving
58%
Lenny Wilkens
58%
Patrick Ewing
58%
Robert Parish
58%
Steve Nash
58%
Udonis Haslem
58%
Vince Carter
58%
Walter Davis
58%
Walt Frazier
58%
Willis Reed
58%
Adrian Dantley
50%
Alex English
50%
Alonzo Mourning
50%
Ben Wallace
50%
Bill Laimbeer
50%
Bobby Jones
50%
Chauncey Billups
50%
Chris Bosh
50%
Chris Mullin
50%
Chris Webber
50%
Dave Cowens
50%
Dolph Schayes
50%
Hal Greer
50%
Joe Dumars
50%
KC Jones
50%
Kevin McHale
50%
Maurice Cheeks
50%
Rick Barry
50%
Sam Jones
50%
Yao Ming
50%
Bill Sharman
42%
Bingo Smith
42%
Bob Love
42%
Brad Daugherty
42%
David Thompson
42%
Elvin Hayes
42%
Fat Lever
42%
George Gervin
42%
George Mikan
42%
Jo Jo White
42%
Mark Aguirre
42%
Mark Price
42%
Mitch Richmond
42%
Shawn Marion
42%
Sidney Moncrief
42%
Tom Heinsohn
42%
Wes Unseld
42%
Zach Randolph
42%
Amar'e Stoudemire
33%
Calvin Murphy
33%
Cedric Maxwell
33%
Dan Majerle
33%
Earl Monroe
33%
Fred Brown
33%
Jeff Hornacek
33%
Mark Eaton
33%
Maurice Lucas
33%
Nate Thurmond
33%
Roger Brown
33%
Rolando Blackman
33%
Rudy Tomjanovich
33%
Terry Porter
33%
Tiny Archibald
33%
Tom Chambers
33%
Alvan Adams
25%
Bill Bradley
25%
Billy Cunningham
25%
Bob Dandridge
25%
Bob Lanier
25%
Bruce Bowen
25%
Dan Issel
25%
Dave DeBusschere
25%
Don Nelson
25%
Frank Ramsey
25%
Gail Goodrich
25%
Jack Sikma
25%
Jack Twyman
25%
Jamaal Wilkes
25%
James Silas
25%
John Williamson
25%
Larry Nance
25%
Lloyd Neal
25%
Malik Sealy
25%
Michael Cooper
25%
Paul Westphal
25%
Peja Stojaković
25%
Richard Hamilton
25%
Sean Elliott
25%
Vlade Divac
25%
Žydrūnas Ilgauskas
25%
Andre Iguodala
17%
Connie Hawkins
17%
Dave Bing
17%
Derek Harper
17%
Dick Van Arsdale
17%
Dražen Petrović
17%
Ed Macauley
17%
Jerry Sloan
17%
Lou Hudson
17%
Nate McMillan
17%
Reggie Lewis
17%
Satch Sanders
17%
Spencer Haywood
17%
Bobby Phills
8%
Brian Winters
8%
Darrell Griffith
8%
Dick Barnett
8%
Geoff Petrie
8%
Johnny Moore
8%
Junior Bridgeman
8%
Lionel Hollins
8%
Maurice Stokes
8%
Mel Daniels
8%
Nick Collison
8%
Phil Chenier
8%
Sam Lacey
8%
Al Attles
0%
Bill Melchionni
0%
Bob Davies
0%
Bob Gross
0%
Byron Beck
0%
Dave Twardzik
0%
Dick McGuire
0%
George McGinnis
0%
Jon McGlocklin
0%
Larry Steele
0%
Tom Meschery
0%
No matching quizzes found
Score Distribution
Percent of People with Each Score
Percentile by Number Answered
Your Score History
You have not taken this quiz